<?xml version="1.0" encoding="UTF-8"?>
<record
    xmlns:xsi="http://www.w3.org/2001/XMLSchema-instance"
    xsi:schemaLocation="http://www.loc.gov/MARC21/slim http://www.loc.gov/standards/marcxml/schema/MARC21slim.xsd"
    xmlns="http://www.loc.gov/MARC21/slim">

  <leader>01613    a2200217   4500</leader>
  <controlfield tag="003">Nust</controlfield>
  <controlfield tag="005">20221013190829.0</controlfield>
  <datafield tag="010" ind1=" " ind2=" ">
    <subfield code="a">   90023040</subfield>
  </datafield>
  <datafield tag="020" ind1=" " ind2=" ">
    <subfield code="a">0023426055</subfield>
  </datafield>
  <datafield tag="040" ind1=" " ind2=" ">
    <subfield code="c">Nust</subfield>
  </datafield>
  <datafield tag="082" ind1="0" ind2="0">
    <subfield code="a">604.2,GIE</subfield>
  </datafield>
  <datafield tag="100" ind1=" " ind2=" ">
    <subfield code="a">Frederick E. Giesecke ... [et al.].</subfield>
    <subfield code="9">100241</subfield>
  </datafield>
  <datafield tag="245" ind1="0" ind2="0">
    <subfield code="a">Technical drawing /</subfield>
    <subfield code="c">Frederick E. Giesecke ... [et al.].</subfield>
  </datafield>
  <datafield tag="250" ind1=" " ind2=" ">
    <subfield code="a">9th ed.</subfield>
  </datafield>
  <datafield tag="260" ind1=" " ind2=" ">
    <subfield code="a">New York :</subfield>
    <subfield code="b">Macmillan Pub. Co. ;</subfield>
    <subfield code="a">Toronto :</subfield>
    <subfield code="b">Collier Macmillan Canada,</subfield>
    <subfield code="c">c1991.</subfield>
  </datafield>
  <datafield tag="300" ind1=" " ind2=" ">
    <subfield code="a">ix, 938, [104] p. :</subfield>
    <subfield code="b">ill. (some col.) ;</subfield>
    <subfield code="c">26 cm.</subfield>
  </datafield>
  <datafield tag="505" ind1=" " ind2=" ">
    <subfield code="a">The Graphics Language And Design(Page-1),  Instrumental Drawing  (Page-11),Introduction To Cad(Page-59),Lettering(Page-95),Geometric Constructions(Page-119),Sketching And Shape(Page-163),Multi View Projection(Page-197),Using A Cad System(Page-251),Sectional Views(Page-285),Auxiliary Views(Page-315),Revelations(Page-343),Manufacturing Processes (Page-359),Dimensioning(Page-391),Tolerancing(Page-433),Threads Fasteners And Springs(Page-467), Design And Working Drawing(Page-509),Reproduction And Control Of Drawings(Page-591),Axonometric Projection (Page-601),Oblique Projection(Page-639),Perspective(Page-657),Intersection Ad Developments (Page-683),Gearing And Cams(Page-715),Electronic Diagrams(Page-741),Structural Drawing(Page-765),Topographic Drawing Ad Mapping(Page-787),Piping Drawing(Page-803),Welding Representation(Page-817),Graphs And Diagrams(Page-833),Alignment Charts(Page-869),Empirical Equations(Page-897),Graphical Mathematics(Page-917).</subfield>
  </datafield>
  <datafield tag="650" ind1=" " ind2="0">
    <subfield code="a">Mechanical drawing.</subfield>
  </datafield>
  <datafield tag="700" ind1="1" ind2=" ">
    <subfield code="a">Giesecke, Frederick E.</subfield>
    <subfield code="d">1869-1953.</subfield>
    <subfield code="9">100242</subfield>
  </datafield>
  <datafield tag="942" ind1=" " ind2=" ">
    <subfield code="2">ddc</subfield>
    <subfield code="c">BK</subfield>
  </datafield>
  <datafield tag="999" ind1=" " ind2=" ">
    <subfield code="c">193495</subfield>
    <subfield code="d">193495</subfield>
  </datafield>
  <datafield tag="952" ind1=" " ind2=" ">
    <subfield code="0">0</subfield>
    <subfield code="1">0</subfield>
    <subfield code="2">ddc</subfield>
    <subfield code="4">0</subfield>
    <subfield code="7">0</subfield>
    <subfield code="a">MCS</subfield>
    <subfield code="b">MCS</subfield>
    <subfield code="c">GEN</subfield>
    <subfield code="d">2016-12-12</subfield>
    <subfield code="l">1</subfield>
    <subfield code="o">604.2,GIE</subfield>
    <subfield code="p">MCS878</subfield>
    <subfield code="r">2025-07-07</subfield>
    <subfield code="s">2025-07-03</subfield>
    <subfield code="w">2016-12-12</subfield>
    <subfield code="y">BK</subfield>
    <subfield code="z">Almirah No.26, Shelf No.1</subfield>
  </datafield>
  <datafield tag="952" ind1=" " ind2=" ">
    <subfield code="0">0</subfield>
    <subfield code="1">0</subfield>
    <subfield code="2">ddc</subfield>
    <subfield code="4">0</subfield>
    <subfield code="7">0</subfield>
    <subfield code="a">MCS</subfield>
    <subfield code="b">MCS</subfield>
    <subfield code="c">GEN</subfield>
    <subfield code="d">2022-10-13</subfield>
    <subfield code="l">0</subfield>
    <subfield code="o">604.2,GIE</subfield>
    <subfield code="p">MCS876</subfield>
    <subfield code="r">2022-10-13</subfield>
    <subfield code="w">2022-10-13</subfield>
    <subfield code="y">BK</subfield>
    <subfield code="z">Almirah No.26, Shelf No.1</subfield>
  </datafield>
</record>
